000 00974pam a2200325 i 4500
999 _c233582
_d233582
001 1337837
003 Nust
005 20170309105332.0
008 800108t19801979nyua b 001 0 eng
010 _a 79027744
020 _a0470269413
040 _aDLC
_cDLC
_dDLC
050 0 0 _aQR360
_b.P69 1980
060 _aQW160 P953i
082 0 0 _a616/.0194
100 1 _aPrimrose, S. B.
245 1 0 _aIntroduction to modern virology /
_cS. B. Primrose, N. J. Dimmock.
250 _a6th edition
260 _aNew York :
_bWiley,
_cc1980.
300 _aix, 251 p. :
_bill. ;
_c23 cm.
490 0 _aBasic microbiology ; v. 2
500 _a"A Halsted Press book."
500 _aIncludes index.
504 _aBibliography: p. 240-244.
650 0 _aVirology.
650 2 _aVirus diseases.
650 2 _aViruses.
700 1 _aDimmock, N. J.,
_ejoint author.
906 _a7
_bcbc
_corignew
_d1
_eocip
_f19
_gy-gencatlg
942 _2ddc
_cBK